Welcome to CU Library Online Public Access Catalogue (OPAC)

Integrated Management of Neonatal and childhood Illness/ (Record no. 4149)

MARC details
000 -LEADER
fixed length control field 00465nam a22001337a 4500
005 - DATE AND TIME OF LATEST TRANSACTION
control field 20250222174959.0
008 - FIXED-LENGTH DATA ELEMENTS--GENERAL INFORMATION
fixed length control field 250222b |||||||| |||| 00| 0 eng d
050 ## - LIBRARY OF CONGRESS CALL NUMBER
Classification number RG965.142 INT
110 ## - MAIN ENTRY--CORPORATE NAME
Corporate name or jurisdiction name as entry element World Health Organization
245 ## - TITLE STATEMENT
Title Integrated Management of Neonatal and childhood Illness/
Remainder of title handbook for pre-service teaching
Statement of responsibility, etc. World Health Organization
300 ## - PHYSICAL DESCRIPTION
Extent viii. 200p.
Other physical details ill.
Dimensions 29cm
710 ## - ADDED ENTRY--CORPORATE NAME
Corporate name or jurisdiction name as entry element Ministry of Health/Ghana Health Service
942 ## - ADDED ENTRY ELEMENTS (KOHA)
Source of classification or shelving scheme Library of Congress Classification
Koha item type Books
Suppress in OPAC No
999 ## -
-- 4149
-- 4149
Holdings
Withdrawn status Lost status Source of classification or shelving scheme Damaged status Not for loan Collection Home library Current library Shelving location Date acquired Total checkouts Full call number Barcode Date last seen Copy number Price effective from Koha item type
    Library of Congress Classification     Non-fiction Science Library (Miotso) Science Library (Miotso) General stacks 02/22/2025   RG965.142 INT SLM00003695 02/22/2025 1 02/22/2025 Books
© 2023-2024 Copyright: Central University Libraries. All Rights Reserved | Created by: Mahone Tech Office